00739 a2200169 45000010006000000050017000060080041000230030015000640400040000790800083001192450034002022640075002363000019003115050213003300410008005431000018005515944220260407155848.0260407a1962 arg spa dAR-UNSa-BCEJYS aAR-UNSa-BCEJYSbspacAR-UNSa-BCEJYS a330.342.21xEconomía sin desarrollo. Economía preindustrial. Subdesarrollo10aLos países subdesarrollados 1aBuenos Aires :bEUDEBA (Editorial Universitaria de Buenos Aires)c1962 a143 p.c19 cm. a1. Los caracteres constitutivos del subdesarrollo - 2. El problema demográfico - 3. Las causas originales del subdesarrollo - 4. Tipos de países subdesarrollados - 5. Formas y perspectivas de evolución  aspa1 aLacoste, Ives